[Event "Christchurch Canterbury op"]
[Site "Christchurch"]
[Date "2022.01.05"]
[Round "3"]
[White "McDougall, Wayne"]
[Black "Rasolipour, Sahand"]
[Result "1-0"]
[WhiteElo "1465"]
[BlackElo "1518"]
[PlyCount "85"]
[EventDate "2022.01.03"]
[EventType "tourn"]
[EventRounds "5"]
[EventCountry "NZL"]
[SourceTitle "EXT 2024"]
[Source "ChessBase"]
[SourceDate "2023.10.10"]
[SourceVersion "1"]
[SourceVersionDate "2023.10.10"]
[SourceQuality "1"]

1. e4 d5 2. exd5 Nf6 3. d4 Nxd5 4. Nf3 Bf5 5. Bc4 e6 6. Bg5 Qd6 7. Qe2 f6 8. Bh4 Nf4 9. Qf1 Bxc2 10. Nbd2 Nc6 11. Rc1 Bf5 12. Bb5 a6 13. Bxc6+ bxc6 14. Rc3 Qb4 15. Bg3 Nd5 16. Rb3 Qa4 17. Qc4 Qxa2 18. Rb8+ Rxb8 19. Qxa2 Nb4 20. Qa5 Bd6 21. 0-0 Rb5 22. Qa4 0-0 23. Bxd6 cxd6 24. Rc1 Rc8 25. h3 a5 26. Nc4 Rd5 27. Ne3 Rb5 28. Nxf5 Rxf5 29. Nd2 Nd3 30. Rxc6 Rb8 31. Rb6 Rc8 32. f3 h6 33. Qb3 Rc1+ 34. Kh2 Nf4 35. g3 Nd5 36. Rxd6 Re1 37. Ne4 Re3 38. Qb8+ Kh7 39. Rxe6 Re2+ 40. Kg1 Rxf3 41. Nxf6+ gxf6 42. Rxe2 Ne3 43. Qb7+ 1-0